Informatics and the Digital Society : Social, Ethical and Cognitive Issues /

Сохранить в:
Библиографические подробности
Соавтор: International Federation for Information Processing TC3/WG3.1and3.2 Open Conference on Social, Ethical and Cognitive Issues of Informatics and ICT ( Dortmund, Alemania)
Другие авторы: Weert, Tom J. van (edición) (edición), Munro, Robert K. (edición) (edición)
Формат: Материалы конференции
Язык:английский
Опубликовано: Boston, EUA : Kluwer, 2003, c2003
Предметы:
Метки: Добавить метку
Нет меток, Требуется 1-ая метка записи!

MARC

LEADER 00000nam^a2200000^a^4500
001 000160223
005 20250521000000.0
009 20260310100716.649
020 |a 1-4020-7363-1 
037 |a Acervo ITESO - Biblioteca 
041 |a ING 
082 |a 371. 334  |b INT 2002 
111 |a International Federation for Information Processing TC3/WG3.1and3.2 Open Conference on Social, Ethical and Cognitive Issues of Informatics and ICT (  |d 2002 :  |c Dortmund, Alemania) 
245 1 0 |a Informatics and the Digital Society :  |b Social, Ethical and Cognitive Issues /  |c International Federation for Information Processing TC3/WG3.1and3.2 Open Conference on Social, Ethical and Cognitive Issues of Informatics and ICT ; ed. de T.J. van Weert, R.K. Munro. 
264 4 |a Boston, EUA :  |b Kluwer,  |c 2003, c2003 
300 |a XVII, 327 p. 
336 |a texto  |b txt  |2 rdacontenido 
337 |a sin mediación  |b n  |2 rdamedio 
338 |a volumen  |b nc  |2 rdasoporte 
649 |a XX 
650 |a Aprendizaje 
650 |a Multimedia 
650 |a Computadoras en la Educación 
650 |a Tecnología Educativa 
650 |a Apoyos Didácticos 
650 |a Didáctica 
650 |a Metodología Educativa 
650 |a Proceso Educativo 
650 |a Tecnologías de Comunicación e Información 
650 |a Tecnologías de Comunicación e Información 
650 |a Informática 
650 |a Ingeniería Computacional 
650 |a Educación 
700 |a Weert, Tom J. van  |e (edición) 
700 |a Munro, Robert K.  |e (edición) 
910 |a Fondo General 
920 |a Impresos - Libros 
930 |a Colección General 
905 |a 101 
901 |a 0500092091  |b IT1  |c ACC  |u 20250521 
902 |a https://opac.biblio.iteso.mx/vufind/Record/000160223